Capitals Without the Letters of “Dili” - Statistics

General Stats
  • This quiz has been taken 5 times
  • The average score is 32 of 64
Answer Stats
Continents Capitals % Correct
Asia Tokyo
100%
Asia Ankara
80%
Europe Athens
80%
Asia Bangkok
80%
Europe Bern
80%
Europe Copenhagen
80%
Europe Moscow
80%
Europe Rome
80%
Africa Abuja
60%
Africa Accra
60%
Asia Amman
60%
Africa Asmara
60%
Asia Astana
60%
Asia Baku
60%
North America Basseterre
60%
Europe Bucharest
60%
Oceania Canberra
60%
North America Havana
60%
Asia Jakarta
60%
Africa Juba
60%
North America Managua
60%
Asia Manama
60%
Africa Maseru
60%
Africa Mbabane
60%
North America Ottawa
60%
Oceania Port Moresby
60%
Europe Prague
60%
Africa Rabat
60%
North America Roseau
60%
South America Sucre
60%
Europe Warsaw
60%
Asia Ashgabat
40%
Africa Bamako
40%
South America Bogota
40%
South America Caracas
40%
Africa Conakry
40%
Africa Freetown
40%
South America Georgetown
40%
Africa Harare
40%
Africa Khartoum
40%
Oceania Majuro
40%
Africa Maputo
40%
Europe Monaco
40%
North America Nassau
40%
Asia Phnom Penh
40%
Africa Porto-Novo
40%
Asia Pyongyang
40%
Asia Sanaa
40%
North America San Jose
40%
Africa Sao Tome
40%
Europe Sarajevo
40%
Europe Skopje
40%
Oceania South Tarawa
40%
Asia Tehran
40%
Oceania Yaren
40%
Asia Yerevan
40%
Europe Zagreb
40%
Africa Gaborone
20%
Asia Muscat
20%
Africa Nouakchott
20%
Europe Reykjavik
20%
Oceania Suva
20%
Asia Tashkent
20%
Africa Yamoussoukro
20%
No matching quizzes found
Score Distribution
Percent of People with Each Score
Percentile by Number Answered
Your Score History
You have not taken this quiz